[Event "Corporacion del Sur-A"]
[Site "Buenos Aires"]
[Date "2006.10.09"]
[Round "7"]
[White "Flores, Diego"]
[Black "Felgaer, Ruben Alejandro"]
[Result "1-0"]
[WhiteElo "2512"]
[BlackElo "2591"]
[PlyCount "80"]
[EventDate "2006.10.02"]
[EventType "tourn"]
[EventRounds "11"]
[EventCountry "ARG"]
[EventCategory "10"]
[SourceTitle "CBM 114 Extra"]
[Source "ChessBase"]
[SourceDate "2006.11.03"]
[SourceVersion "1"]
[SourceVersionDate "2006.11.03"]
[SourceQuality "1"]

1. Nf3 d5 2. e3 Nf6 3. c4 g6 4. cxd5 Nxd5 5. Qb3 ({RR} 5. d4 Bg7 6. e4 Nb6 7. Be2 O-O 8. O-O c5 9. d5 e6 10. Nc3 exd5 11. exd5 Bxc3 12. bxc3 Qxd5 13. Nd2 Qe5 14. a4 Rd8 15. Ra3 Nc6 16. a5 Nd5 17. Nc4 Qf6 18. Qb3 Nf4 19. Bf3 Be6 {Grischuk,A (2772)-Mamedyarov,S (2799) Riadh 2017 ½-½ (87)}) ({RR} 5. Nc3 Bg7 6. Qb3 Nb6 7. h4 c5 8. Ng5 O-O 9. h5 h6 10. Nxf7 Qd7 11. Nxh6+ Kh7 12. hxg6+ Kxg6 13. Qc2+ Kf6 14. Ne4+ Ke5 15. Rh5+ {1-0 (15) Ambartsumova,K (2405)-Shukhman,A (2365) chess.com INT 2025}) ({RR} 5. d4 Bg7 6. e4 Nb6 7. Be3 Bg4 8. Nbd2 O-O 9. h3 Bxf3 10. Nxf3 c5 11. dxc5 Qxd1+ 12. Rxd1 Na4 13. e5 Nc6 14. Bb5 Nxb2 15. Rd7 Rad8 {½-½ (15) Morovic Fernandez,I (2551)-Felgaer,R (2561) Asuncion 2009}) 5... Bg7 6. Bc4 e6 7. h4 $146 ({RR} 7. d4 O-O 8. O-O Nc6 9. Bd2 Nb6 10. Bb5 Bd7 11. Rd1 a6 12. Bf1 Nxd4 13. Nxd4 Ba4 14. Qd3 Bxd1 15. Nc3 Bh5 16. Qc2 c5 17. Nb3 Rc8 18. Ne4 Nd5 19. a3 c4 20. Nd4 e5 21. Ne2 Bg4 {Fries Nielsen,J (2389)-Carstensen,J (2367) Kolding 2016 0-1}) ({RR} 7. d4 O-O 8. Nc3 Nb6 9. Be2 c5 10. dxc5 N6d7 11. Na4 Na6 12. Qa3 b5 13. cxb6 axb6 14. Qd6 Nac5 15. Nc3 Nb3 16. Rb1 Bxc3+ 17. bxc3 Nxc1 18. Rxc1 Rxa2 19. Bc4 Ra5 20. O-O Ne5 21. Qxd8 Nxf3+ {Coenen,M (2326)-Sidiropoulos,N (2211) Belgium BEL 2023 ½-½}) 7... O-O 8. Nc3 Nb6 9. h5 Nc6 10. Be2 e5 11. a3 Be6 12. Qc2 f5 13. hxg6 hxg6 14. d3 Rf7 15. b4 Qf6 16. Bb2 e4 17. dxe4 fxe4 18. Na4 Qf5 19. Bxg7 Kxg7 20. Qb2+ Rf6 21. Nxb6 exf3 22. g4 Qe5 23. Qxe5 Nxe5 24. Nxa8 fxe2 25. f4 Nf3+ 26. Kxe2 Bxg4 27. Nxc7 Rc6 28. Rhc1 Ne5+ 29. Kf1 Nc4 30. Nd5 Bf3 31. b5 Rc5 32. Nb4 Bg4 33. Kf2 Be6 34. a4 Rc8 35. e4 Rf8 36. Kg3 Rf7 37. Nd3 Nd6 38. Nc5 Bc8 39. Rd1 Nc4 40. Rac1 Na5 1-0

[Event "Wch U20 45th"]
[Site "Yerevan"]
[Date "2006.10.15"]
[Round "12"]
[White "Pantsulaia, Levan"]
[Black "Pashikian, Arman"]
[Result "1-0"]
[WhiteElo "2596"]
[BlackElo "2527"]
[PlyCount "93"]
[EventDate "2006.10.03"]
[EventType "swiss"]
[EventRounds "13"]
[EventCountry "ARM"]
[SourceTitle "CBM 114 Extra"]
[Source "ChessBase"]
[SourceDate "2006.11.03"]
[SourceVersion "1"]
[SourceVersionDate "2006.11.03"]
[SourceQuality "1"]

1. c4 Nf6 2. Nf3 e6 3. g3 d5 4. Bg2 Be7 5. O-O O-O 6. Qc2 Nc6 7. a3 dxc4 8. Qxc4 e5 9. d3 Be6 10. Qc2 a5 $146 ({RR} 10... Qd7 11. b4 Bh3 12. Bb2 Bxg2 13. Kxg2 Nd4 14. Bxd4 exd4 15. Nbd2 b6 16. Nb3 c5 17. bxc5 bxc5 18. Na5 Nd5 19. h3 h5 20. h4 Rfe8 21. Qd2 Rab8 22. Nc4 Bf6 23. Rfe1 Re6 24. Rac1 Rbe8 25. Rc2 {Glaves,R (2094)-Meier,P (2062) Budapest HUN 2024 1-0 (64)}) ({RR} 10... Qd7 11. b4 Bh3 12. Bb2 Bxg2 13. Kxg2 Nd4 14. Bxd4 exd4 15. Nbd2 b6 16. Nb3 c5 17. bxc5 bxc5 18. Na5 Nd5 19. h3 h5 20. h4 Rfe8 21. Qd2 Rab8 22. Nc4 Bf6 23. Rfe1 Re6 24. Rac1 Rbe8 25. Rc2 {Glaves,R (2094)-Meier,P (2062) Budapest HUN 2024 1-0 (64)}) 11. Nbd2 Bg4 12. b3 Re8 13. Bb2 Bf8 14. h3 Bh5 15. e4 Qd6 16. Nc4 Qc5 17. g4 Bg6 18. Rac1 Nd7 19. Rfd1 Qb5 20. Bf1 Qc5 21. Qe2 Qa7 22. Qc2 f6 23. Ne3 Nc5 24. Nd5 Ne6 25. Qd2 Rac8 26. b4 Ne7 27. Nxe7+ Bxe7 28. d4 Bxe4 29. Bc4 Bf8 30. Qe3 Bxf3 31. Qxf3 Kh8 32. dxe5 fxe5 33. Bxe6 Rxe6 34. Rxc7 Qa8 35. Qxb7 Qxb7 36. Rxb7 axb4 37. axb4 h5 38. gxh5 Kh7 39. Rd5 e4 40. Bd4 Rc1+ 41. Kg2 Rd1 42. Rdd7 Rc6 43. b5 Rcc1 44. Kg3 Rb1 45. b6 Rb5 46. Be3 Bd6+ 47. Kh4 1-0

[Event "Western States op"]
[Site "Reno"]
[Date "2006.10.08"]
[Round "6"]
[White "Ibragimov, Ildar"]
[Black "Ftacnik, Lubomir"]
[Result "1-0"]
[WhiteElo "2616"]
[BlackElo "2580"]
[Annotator "Ftacnik,Lubomir"]
[PlyCount "89"]
[EventDate "2006.10.07"]
[EventType "swiss"]
[EventRounds "6"]
[EventCountry "USA"]
[SourceTitle "CBM 115"]
[Source "ChessBase"]
[SourceDate "2006.11.15"]
[SourceVersion "1"]
[SourceVersionDate "2006.11.15"]
[SourceQuality "1"]

1. e4 {Golod,Vitali Horn,Peter} c5 2. d3 Nc6 3. g3 d5 4. Nd2 Nf6 5. Bg2 g6 ({RR} 5... e5) 6. Ngf3 Bg7 7. O-O O-O 8. c3 e5 ({RR} 8... dxe4 9. dxe4 Qc7 10. Qe2) 9. Qb3 Rb8 ({RR} 9... dxe4 10. dxe4 h6 ({RR} 10... Qe7 11. Re1 ({RR} 11. Qc2 b6 12. Re1 Ba6 13. Nf1 ({RR} 13. Bf1) 13... h6 14. Qa4 Bb7 15. Ne3 Rfd8 16. Nh4 Qe6) 11... Be6 12. Qc2 Ne8 13. Nf1 f6 14. Ne3 Nd6 15. Nd5 Qf7) ({RR} 10... Qc7 11. Qb5 b6 12. Qe2 Rd8 13. Ne1 a5 14. a4 Ba6 15. Nc4 b5 16. axb5 Bxb5 17. Nc2) 11. Re1 Qc7 12. Nf1 Be6 13. Qc2 Rfd8 14. Nh4 ({RR} 14. Ne3) 14... Bc4 15. f4 Bd3 16. Qf2 c4 17. h3 Re8 18. Nd2 Rad8 19. b4 ({RR} 19. f5) 19... exf4 20. gxf4 Nh5 ({RR} 20... Nxb4 21. cxb4 Nxe4 22. Nxe4 Bxa1) 21. e5 Nxf4 22. Qxf4 g5 23. Qf2 gxh4 24. Nf3 {Fedorov,A (2659)-Movsesian,S (2659) Las Vegas 1999 CBM 072 [Horn,Peter] 0-1 (32)}) ({RR} 9... d4 10. Nc4 ({RR} 10. cxd4 cxd4 11. Nc4 Nd7 12. Bd2 Nb6 13. Na5 Nxa5 14. Bxa5 Be6 15. Qb5 Qd7) 10... Qe7 ({RR} 10... Re8 11. cxd4 cxd4 12. Ng5 Qe7 13. f4 h6 14. Nf3 exf4 15. gxf4 Be6) 11. Bd2 ({RR} 11. Nfd2 Rd8 12. f4 dxc3 13. bxc3 Rxd3 14. fxe5 Nxe5 15. Nxe5 Qxe5 16. Rf3 Rxf3 17. Bxf3 Qe7) ({RR} 11. a4 Rd8 12. cxd4 cxd4 13. Bd2 Ne8 14. Rfc1 h6 15. a5 Be6 16. Qa4 Nd6 17. Nxd6 Rxd6 18. b4) ({RR} 11. cxd4) 11... dxc3 12. Bxc3 ({RR} 12. bxc3 Rd8 13. Qc2) 12... Ne8 13. Ne3 Nc7 14. Nd5 Qd8 ({RR} 14... Nxd5 15. exd5 Nd4 16. Nxd4 exd4 ({RR} 16... cxd4 17. Bb4) 17. Rfe1) 15. Nd2 b6 ({RR} 15... Nxd5 16. exd5 Nd4 17. Bxd4) 16. Nc4 ({RR} 16. f4 Be6) 16... Be6 17. Nce3 Nd4 18. Qd1 Qd7 19. a4 Nxd5 20. exd5 ({RR} 20. Nxd5 Bg4 21. f3 ({RR} 21. Qb1 Be2 22. Re1 ({RR} 22. Rc1 Nb3) 22... Nf3+ 23. Bxf3 Bxf3) 21... Be6 22. Bxd4 ({RR} 22. f4 Bxd5 ({RR} 22... Bg4) 23. exd5 exf4 24. Rxf4 Rae8) 22... Bxd5) 20... Bh3 21. Bxh3 Qxh3 22. Bxd4 exd4 ({RR} 22... cxd4 23. Nc4 Rfd8 24. d6 Rab8 25. Qb3 a6 ({RR} 25... Qe6 26. Qb5) 26. Nxb6 Rxd6 27. a5 g5 28. f3 Rh6 29. Rf2) 23. Nc4 Qf5 ({RR} 23... Rad8 24. d6 Rfe8 25. Qf3) 24. d6 {Ibragimov,I (2610)-Golod,V (2555) Vienna 1998 CBM 068 [Golod,Vitali] ½-½}) ({RR} 9... b6 10. exd5 Na5 11. Qa4 Nxd5 12. Nc4 e4 13. Ng5 exd3 14. Nxa5 bxa5 15. Rd1 Ba6) 10. Qb5 $5 {Ibragimov finds the best move to question the merit of the Black's rook move. The pawn c5 is not easy to defend properly.} (10. exd5 Nxd5 11. Nc4 Nde7 12. Re1 Be6 13. Qc2 f6 14. Be3 e4 15. Nfd2 exd3 16. Qd1 b5 17. Bxc5 Bxc4 18. Nxc4 bxc4 $19 {1/2 Van Baarle,C-Smejkal,J/Buesum 1967/ (42)}) (10. Re1 d4 11. cxd4 cxd4 12. Qd1 Nd7 13. Nb3 a5 14. Bd2 a4 15. Nc1 Nc5 16. b4 axb3 17. axb3 Qb6 18. b4 Ne6 19. Qa4 Bd7 {1/2 Parker,J (2335)-Fogarasi,T (2420)/Guildford 1991/ (25)}) ({RR} 10. Re1 d4 11. cxd4 cxd4 12. Qd1 Nd7 13. Nb3 a5 14. Bd2 a4 15. Nc1 Nc5) 10... dxe4 $146 ({RR} 10... Qe7 11. exd5 Nxd5 12. Nb3 Bf5 13. Nh4 Nc7 14. Nxf5 Nxb5 15. Nxe7+ Nxe7 16. Nxc5 Rfd8 17. a4 Nd6 18. a5 b6 19. Na6 Rbc8 20. axb6 axb6 21. Be3 b5 22. Bb6 Rd7 23. Nc5 Rdc7 24. Bxc7 Rxc7 25. Ra8+ {Lizak,J (2245)-Kalyani Sirin (2193) chess.com INT 2024 1-0 (40)}) ({RR} 10... Qe7 11. exd5 Nxd5 12. Nb3 Bf5 13. Nh4 Nc7 14. Nxf5 Nxb5 15. Nxe7+ Nxe7 16. Nxc5 Rfd8 17. a4 Nd6 18. a5 b6 19. Na6 Rbc8 20. axb6 axb6 21. Be3 b5 22. Bb6 Rd7 23. Nc5 Rdc7 24. Bxc7 Rxc7 25. Ra8+ {Lizak,J (2245)-Kalyani Sirin (2193) chess.com INT 2024 1-0 (40)}) 11. Nxe4 (11. dxe4 Qe7 $13) 11... Nxe4 12. dxe4 Qa5 (12... Qd6 13. Be3 b6 14. Rfd1 Qc7 15. b4 $14) (12... Qb6 13. a4 $1 $14) 13. Qe2 (13. Qxa5 Nxa5 14. b3 b6 15. Bg5 $14) 13... b5 {In higher sense a bit dubious decision, black wanted to get rid of the structure, that is too fixed on the dark squares.} (13... b6 $5 14. Rd1 Ba6 15. Qc2 Rbd8 16. Bg5 f6 17. Be3 Rxd1+ 18. Qxd1 Rd8 19. Qb3+ c4 20. Qc2 $13) 14. Be3 b4 15. Rfd1 bxc3 16. bxc3 Qxc3 $2 {Stategically wrong decison since white pieces will exercise maximum pressure. It has made more sene to play around the pawn structure.} (16... Ba6 17. Qc2 Rfc8 18. Rd5 Bc4 $5 (18... Ne7 19. Rd7 Re8 20. Rb1 (20. Rxa7 Nc8 21. Rd7 Nb6 $44) 20... Rxb1+ 21. Qxb1 Bb5 22. Rb7 Bc6 23. Rb8 $14) 19. Rxc5 Qa6 20. Bh3 Rc7 21. Rb1 (21. Bf1 Bxf1 22. Rxf1 Bf8 23. Rd5 Nb4 24. Qb3 (24. Qb2 Nxd5 25. Qxb8 Nxe3 26. fxe3 Re7 $13)) 21... Rxb1+ 22. Qxb1 Bxa2 23. Qf1 Qxf1+ 24. Bxf1 Bf8 $11) 17. Rac1 Qb2 (17... Qa5 18. Rxc5 $1 (18. Bxc5 Ba6 (18... Re8 19. Bd6 Ba6 20. Qe3 (20. Qe1 Qxe1+ 21. Rxe1 Rbc8 22. Bh3 Nd4 $11) 20... Nd4 21. Bxb8 Ne2+ 22. Kh1 Nxc1 23. Bxe5 Bxe5 24. Nxe5 Rxe5 25. Rxc1 Qxa2 26. Qxa7 $16) 19. Qe3 Rfc8 $1 (19... Rfd8 20. Bd6 Rb6 21. Rd5 Qxa2 22. Bc7 Rxd5 23. exd5 Rb3 24. Qe1 Nb4 25. Nxe5 Nc2 26. Qd1 Bh6 27. d6 Bxc1 28. Qd5 Ra3 29. Qa8+ Kg7 30. Nd7 Kh6 31. Qf8+ Kg5 32. Bh3 $18) 20. Bd6 Rb6 $11) 18... Qa4 19. Rdc1 (19. Qc2 Qxc2 20. Rxc2 Nd4 21. Nxd4 exd4 22. Bf4 Rb6 23. Rc7 a6 $11) 19... Ba6 (19... Nd4 20. Nxd4 exd4 21. Bf4 Ba6 22. Qd2 $14) 20. Qe1 Rfc8 21. Bh3 $14) 18. Rc2 (18. Qxb2 Rxb2 19. Rxc5 Bb7 20. Bf1 Rxa2 21. Bc4 Rb2 22. Bd5 Nd8 23. Bxb7 Nxb7 24. Rc7 a5 25. Rdd7 Nd8 26. Bc5 Re8 27. Rc8 Bf6 28. Bd6 $14) 18... Qb5 (18... Qb7 19. Bxc5 Re8 20. Bd6 Bg4 21. Bxb8 Rxb8 22. Qe3 Nd4 23. Rc5 $14) 19. Qxb5 Rxb5 20. Bf1 (20. a4 $5 Ra5 (20... Rb7 21. Rxc5 Nd4 22. Nxe5 $16) 21. Rxc5 Rxc5 22. Bxc5 Re8 23. Rd6 Re6 24. Rd5 Re8 25. Bf1 a6 $14) 20... Ra5 $2 {Ftacnik was hoping to keep the active rook for possible counterplay on the queenside. In reality the rook will merely be displaced adding to defenders woes.} (20... Rb7 $5 21. Bxc5 Re8 22. Ba6 Rb8 (22... Rd7 23. Rxd7 Bxd7 24. Rd2 Bg4 25. Kg2 Bf8 26. Be3 $16) 23. Be2 Bg4 24. Bd6 Rbc8 25. Kg2 $14) 21. Bxc5 (21. Rxc5 $1 Bg4 (21... Rxc5 22. Bxc5 Re8 23. Bb5 Bb7 24. Rd7 Na5 25. Ng5 Rc8 26. Be3 $16) 22. Rxa5 Nxa5 (22... Bxf3 23. Rc5 Bxd1 24. Rxc6 Bf3 25. Bg2 $16) 23. Kg2 Nc6 (23... f5 24. Rd5 $1 fxe4 25. Nxe5 $18) 24. Rd6 Rc8 25. Ba6 Rc7 (25... Bf8 26. Rd5 Bxf3+ 27. Kxf3 $16) 26. Bb5 Bxf3+ 27. Kxf3 Nd4+ 28. Kg2 Kf8 29. Bd3 Rc3 30. Bf1 Rc7 31. Bd2 $16) 21... Re8 22. Rd6 Bg4 $2 {Very simple miscalculation and the end of the fight, black pieces will end up beeing very discoordinated.} (22... Nd4 23. Nxd4 exd4 24. Bxd4 Be6 (24... Bf8 25. Rd5 $16) 25. Bxg7 Kxg7 26. Rdd2 Bg4 27. Rc7 $1 Rxe4 28. f3 Bxf3 29. Rdd7 Rf5 30. Bd3 a6 31. Bxe4 Bxe4 32. g4 Rf4 33. h3 $18) (22... Re6 23. Rdd2 $1 (23. Ng5 Rxc5 24. Rxe6 Rxc2 25. Re8+ Bf8 26. Rxc8 Kg7 27. Bb5 Nd4 28. Rxc2 Nxc2 29. Bc4 $14) (23. Bb4 Rxd6 24. Bxd6 Bd7 25. Bc4 Bf8 26. Ng5 (26. Rd2 Bxd6 27. Rxd6 Be8 $14) 26... Bxd6 27. Nxf7 Nd4 28. Nxd6+ Kf8 29. Rb2 Ke7 $14) 23... Re8 (23... Bh6 24. Rd5 Re8 25. Rd6 Re6 26. Nxe5 Bf8 27. Nxc6 (27. Rxe6 Bxe6 28. Bxf8 Nxe5 29. Bb4 Rxa2 30. Rxa2 Bxa2 $14) 27... Rxc5 28. Ne7+ Bxe7 29. Rxc5 Bxd6 30. Rxc8+ $16) 24. Be3 Nb4 (24... Nd4 25. Nxd4 exd4 26. Bxd4 Bg4 27. Bxg7 Kxg7 28. Rc7 (28. Be2 Rxe4 29. f3 Rxe2 30. Rxe2 Bxf3 31. Re3 Bd5 32. a3 $16) 28... Rxe4 29. f3 Bxf3 30. Rdd7 $16) 25. Rc7 Be6 26. Ng5 Bxa2 27. Nxf7 Bxf7 28. Rdd7 Rf8 29. Bc4 $18) (22... Nd8 23. Bb4 Nb7 24. Rdd2 Ra4 25. Bb5 Rxb4 26. Bxe8 $18) 23. Rxc6 Bxf3 24. Bb4 Ra4 25. Rc8 Rf8 $8 {The choice was reduced to giving up exchange or imemeditae capitulation.} (25... Rxb4 26. Rxe8+ Bf8 27. Rcc8 $18) 26. Bxf8 Bxf8 27. R8c4 Ra5 28. h3 $1 {On top of everything black bishop on f3 is trapped, realization of the massive advantage is easy.} (28. Be2 Bxe2 29. Rxe2 Bc5 30. Rec2 $18) 28... Kg7 29. Rd2 (29. R2c3 Bd1 30. Rd3 Ba4 31. Rd5 $18) 29... Rc5 (29... g5 30. Be2 Bxe2 31. Rxe2 Bc5 32. Kg2 $18) 30. Rd7 a5 31. Rxc5 {White has lost patience, even easier was the task after 31.a7!} (31. Ra7 $1 Kf6 32. Rxc5 Bxc5 33. Rxa5 $18) 31... Bxc5 32. Bg2 Be2 33. Rd5 Bb4 34. Bf1 $1 Bxf1 35. Kxf1 Kf6 36. a4 h5 37. Ke2 Ke6 38. Rb5 Kf6 39. Rb6+ (39. Rxb4 $1 axb4 40. a5 $18) 39... Ke7 40. Ra6 Kf8 41. Ra7 Kg7 42. Rb7 Bc3 43. Rb3 Bd4 44. Rb5 Bc3 45. Rc5 1-0

[Event "Calvia op 3rd"]
[Site "Calvia"]
[Date "2006.10.26"]
[Round "7"]
[White "Strikovic, Aleksa"]
[Black "Conquest, Stuart"]
[Result "1-0"]
[WhiteElo "2535"]
[BlackElo "2530"]
[PlyCount "103"]
[EventDate "2006.10.20"]
[EventType "swiss"]
[EventRounds "9"]
[EventCountry "ESP"]
[SourceTitle "EXT 2007"]
[Source "ChessBase"]
[SourceDate "2006.11.23"]
[SourceVersion "1"]
[SourceVersionDate "2006.11.23"]
[SourceQuality "1"]

1. e4 c6 2. d3 e5 3. Nf3 Nf6 4. Nbd2 d6 5. g3 g6 6. Bg2 Bg7 7. O-O O-O 8. c3 Nbd7 ({RR} 8... Re8 9. Re1 Nbd7 10. b4 d5 11. Nb3 b6 12. Qc2 Bb7 13. c4 dxe4 14. dxe4 c5 15. bxc5 Nxc5 16. Nxc5 bxc5 17. Nd2 Nd7 18. Nb3 Qc7 19. Be3 Bf8 20. Rab1 Bc6 21. Qc3 Rab8 22. Rbd1 Rbd8 23. Rd2 {Tiviakov,S (2700)-Fridman,D (2564) Netherlands 2005 ½-½ (60)}) ({RR} 8... a5 9. Re1 a4 10. Nc4 b5 11. Ne3 Ng4 12. h3 Nxe3 13. Bxe3 h6 14. Qd2 Kh7 15. d4 Qc7 16. Rad1 Be6 17. dxe5 dxe5 18. Bc5 Re8 19. Bd6 Qb7 20. Bxe5 Bxa2 21. Qf4 Bb3 22. Rd6 Nd7 23. Bxg7 {Salman,P (2287)-Ocampos,I (2251) chess.com INT 2025 1-0 (44)}) 9. d4 Qc7 10. Re1 b6 $146 ({RR} 10... exd4 11. cxd4 Re8 12. b3 Nf8 13. Bb2 d5 14. e5 N6d7 15. Rc1 Ne6 16. Nf1 a5 17. Nh4 Qb6 18. f4 f5 19. Qd2 a4 20. b4 a3 21. Bc3 Ndf8 22. Ne3 Qd8 23. Nf3 Nc7 24. Red1 Nb5 25. Ne1 {Tovio,I (2289)-Velasco,R (2010) Barquisimeto 2012 1-0 (73)}) ({RR} 10... b5 11. a4 Bb7 12. b3 Rfe8 13. Bb2 a6 14. Qc2 Rac8 15. Bh3 c5 16. d5 Rf8 17. Ra2 Qb6 18. Qd3 c4 19. bxc4 bxc4 20. Nxc4 Qb3 21. Nfd2 Qxa2 22. Ra1 Nc5 23. Qc2 Qxa1+ 24. Bxa1 Rcd8 25. Na5 {Cristobal,R (2289)-Bonifazi,M (2051) Mar del Plata 2000 1-0 (38)}) 11. a4 a5 12. Nc4 Ba6 13. Nxd6 Ng4 14. h3 Nxf2 15. Kxf2 Qxd6 16. dxe5 Qe6 17. Bf4 Nxe5 18. Nxe5 Bxe5 19. Bxe5 Qxe5 20. Qd4 Qe7 21. Rad1 Rfd8 22. Qe3 c5 23. e5 Rab8 24. Bd5 Bc8 25. h4 Bg4 26. Rd2 b5 27. axb5 Rxb5 28. c4 Rb6 29. Kg1 Rdb8 30. Rf1 Be6 31. Rff2 Rb3 32. Qf4 a4 33. Kh2 Kg7 34. Kg2 h6 35. Kh2 R3b6 36. Kg2 Rb4 37. Qe3 Rb3 38. Qe4 R3b4 39. Qe3 Rb3 40. Qf4 Bxd5+ 41. cxd5 R8b4 42. Qf6+ Qxf6 43. exf6+ Kf8 44. d6 Rb8 45. d7 Rd8 46. Rf4 Rb6 47. g4 g5 48. hxg5 hxg5 49. Rf5 c4 50. Kf3 Rb3+ 51. Ke4 Rh3 52. Rc5 1-0

[Event "Bundesliga 0607"]
[Site "Germany"]
[Date "2007.03.17"]
[Round "12.4"]
[White "Hansen, Sune Berg"]
[Black "Graf, Alexander"]
[Result "1-0"]
[WhiteElo "2561"]
[BlackElo "2601"]
[PlyCount "83"]
[EventDate "2006.10.28"]
[EventType "team-tourn"]
[EventRounds "15"]
[EventCountry "GER"]
[SourceTitle "CBM 118"]
[Source "ChessBase"]
[SourceDate "2007.05.31"]
[SourceVersion "1"]
[SourceVersionDate "2007.05.31"]
[SourceQuality "1"]
[WhiteTeam "Hamburger SK"]
[BlackTeam "Porz"]
[WhiteTeamCountry "GER"]
[BlackTeamCountry "GER"]

1. e4 {Horn,Peter} e6 2. d3 d5 3. Nd2 c5 4. Ngf3 Nc6 5. g3 Bd6 6. Bg2 Nge7 7. O-O O-O 8. Nh4 Bd7 9. f4 f5 ({RR} 9... f6 10. c3 d4 11. a4 Be8 12. Qb3 Bf7 13. Nc4 e5 14. Nf5 Nxf5 15. exf5 Na5 16. Qa2 exf4 17. gxf4 dxc3 18. bxc3 Bc7 19. Be4 Re8 20. Qg2 Nxc4 21. dxc4 Bxc4 22. Re1 Rb8 23. Be3 b6 24. Rad1 {Hansen,S (2508)-Soraas,T (2121) chess.com INT 2024 1-0 (49)}) ({RR} 9... f6 10. Ndf3 Qc7 11. Kh1 Rad8 12. Be3 c4 13. Qe2 c3 14. b3 Be8 15. Bg1 Bh5 16. exd5 exd5 17. Qe6+ Bf7 18. Qe2 Rfe8 19. Rfe1 Qd7 20. Qf2 h6 21. f5 Nxf5 22. Bh3 Nxg3+ 23. Kg2 Be6 24. Rxe6 {Hansen,S (2533)-Holt,C (2549) Chess.com INT 2021 1-0 (81)}) 10. exd5 ({RR} 10. c3 Kh8 ({RR} 10... b5 11. Ndf3 Qa5 12. Bd2 Rad8 13. Qe2 Qa4 14. Ng5 Rde8 15. Rfe1 h6 16. Ngf3 Bc7 17. Kh1 b4) ({RR} 10... Rb8 11. Re1 b5 12. exf5 exf5 13. Ndf3 b4 14. d4 bxc3 15. bxc3 Qa5 16. Bd2 c4 17. Qc2 h6 18. Re2 Rf7 19. Rae1 Qb5 20. Bc1 Qb1 21. Qd2 Qb6 22. Bh1 Qa5 23. Qc2 a6 24. Bg2 Rb5 25. Bh3) 11. Kh1 b5 12. Ndf3 b4 13. c4 Bc7 14. exd5 exd5 15. Ng5 dxc4 16. Qh5 h6 17. Ng6+ Kg8 18. Nxf8 Qxf8 19. Nf3 Be8 20. Qh3 cxd3 21. Be3 Bb6 ({RR} 21... c4) 22. Rac1 Rd8 23. Rfd1) ({RR} 10. c4 b5 ({RR} 10... d4) 11. cxd5 exd5 12. exf5 Nb4 13. Ndf3 c4 14. dxc4 Bc5+ 15. Kh1 dxc4 16. Ng5 Nxf5 17. Bd2 Nxh4 18. Bxb4 Bxb4 19. Qd5+ Kh8 20. gxh4) 10... Nxd5 $146 ({RR} 10... exd5 11. Ndf3 ({RR} 11. c3 Qb6 12. Kh1 Rae8 13. Ndf3 d4 14. c4 Qc7 15. Re1 a6 16. Bd2 Nd8 17. Rc1 Nf7 18. Nxd4 cxd4 19. c5 Bxc5 20. b4 Bc6 21. Rxc5 Bxg2+ 22. Kxg2 Qd7 23. Qb3 b6 24. Rce5 Kh8 25. Re6 Nd8) ({RR} 11. Re1 Be8 12. c3 ({RR} 12. Nhf3 Bh5) ({RR} 12. Ndf3 Bh5) 12... Bf7) 11... Qb6 12. c3 Rae8 13. Re1 d4 14. Ng5 ({RR} 14. c4) 14... g6 ({RR} 14... h6 15. Qh5 ({RR} 15. Ne6 Rf6) 15... hxg5 16. fxg5 Ne5 ({RR} 16... Be5 17. g6 Rf6 18. Qh7+ Kf8 19. Bh6) 17. g6 ({RR} 17. Bf4 g6) 17... N7xg6 18. Nxg6 Nf3+ 19. Bxf3 Rxe1+ 20. Kf2 Rfe8 21. Bd5+ Be6 ({RR} 21... R8e6 22. Qh8+ Kf7 23. Qh5 Rxc1 24. Ne5+ Kg8 25. Qf7+ Kh7 26. Nc4) 22. Qh8+ Kf7 23. Qh5 Kg8 ({RR} 23... Bxd5 24. Ne5+ Kf8 ({RR} 24... Ke7 25. Bg5+) 25. Nd7+) 24. Qh8+) 15. Bd2 Nd8 ({RR} 15... h6 16. Ngf3 ({RR} 16. Ne6 Rf6) 16... Qxb2 17. Rb1 ({RR} 17. c4 Qb6 ({RR} 17... Nd8 18. Ne5 Bxe5 19. Rxe5 Ba4 20. Qe1) 18. Ne5 Bxe5 19. fxe5 Kg7 20. e6 Bc8) 17... Qxa2 18. Rxb7 ({RR} 18. cxd4 cxd4 ({RR} 18... Nxd4 19. Nxd4 cxd4 20. Rxb7 Bc8) 19. Ne5 Bxe5 20. fxe5 g5 21. Rxb7 Qe6) ({RR} 18. c4 Qa6 19. Ne5 Bxe5 20. fxe5 Kg7 21. e6 Bc8) 18... Bc8 19. Rb3 Qa4 20. c4 ({RR} 20. Ne5 dxc3 21. Bxc3 Bxe5) 20... Bc7 21. Ne5 Nxe5 22. fxe5 g5 23. Qh5 Qxb3 24. Bd5+ Kg7 25. Bxg5 hxg5 26. Qxg5+ Kh7 27. Qh5+ Kg7) 16. cxd4 cxd4 17. b4 Bb8 18. Qb3+ Kg7 19. Qb2 ({RR} 19. a4 a6 ({RR} 19... Nec6 20. Qd5) 20. Rac1 ({RR} 20. b5 Bd6)) ({RR} 19. Rac1) 19... a6 20. Ngf3 Nec6 21. Kh1 h6 22. Nxd4 ({RR} 22. a4) 22... Nxd4 23. Bc3 Ba7 24. Nf3 N8c6 25. a4 {Rodriguez Vila,A (2575)-Milos,G (2565) Villa Gesell 1996 CBM 052 [Horn,Peter] 1-0 (57)} {RR} a5 26. b5 Kh7 27. bxc6 Qxb2 28. Bxb2 Nxf3 29. Rxe8 Bxe8 30. Bxf3 Bxc6 31. Bxc6 bxc6 32. Re1 Rf7 33. Re6) ({RR} 10... exd5 11. Re1 Rb8 12. Nhf3 b5 13. Ne5 Bxe5 14. fxe5 Nd4 15. Nf3 Nxf3+ 16. Qxf3 Be6 17. c3 b4 18. d4 bxc3 19. bxc3 Qa5 20. dxc5 Qxc5+ 21. Be3 Qa5 22. Qf2 Nc8 23. Bc5 Rf7 24. Qd4 Rb5 25. Bb4 {Montgomery,J-Berry,N (2247) Glasgow 2000 1-0 (65)}) 11. Nc4 Bc7 12. Nf3 b5 13. Ne3 Nb6 14. c3 Rc8 15. Nc2 Bd6 16. Be3 Nd5 17. Bf2 Nf6 18. Kh1 Ng4 19. Bg1 e5 20. fxe5 Ncxe5 21. Nxe5 Bxe5 22. d4 cxd4 23. Nxd4 Qe8 24. Nf3 Bb8 25. Re1 Qf7 26. Ng5 Qh5 27. Qxd7 Qxg5 28. Rad1 Kh8 29. Qe7 Qh5 30. Rd7 Rg8 31. Qf7 Qg5 32. Qe7 Nf6 33. Rdd1 Rge8 34. Qb4 f4 35. gxf4 Bxf4 36. Rxe8+ Rxe8 37. Qc5 Qh4 38. Rf1 Bb8 39. Qxb5 h5 40. Rxf6 Re1 41. Qxb8+ Kh7 42. Rf1 1-0

[Event "AUT-chT 0607"]
[Site "Austria"]
[Date "2007.01.20"]
[Round "6"]
[White "Kritz, Leonid"]
[Black "Pavasovic, Dusko"]
[Result "1-0"]
[WhiteElo "2597"]
[BlackElo "2575"]
[PlyCount "103"]
[EventDate "2006.11.03"]
[EventType "team"]
[EventRounds "11"]
[EventCountry "AUT"]
[SourceTitle "EXT 2008"]
[Source "ChessBase"]
[SourceDate "2007.11.25"]
[SourceVersion "1"]
[SourceVersionDate "2007.11.25"]
[SourceQuality "1"]
[WhiteTeam "Jenbach"]
[BlackTeam "Maria Saal"]
[WhiteTeamCountry "AUT"]
[BlackTeamCountry "AUT"]

1. Nf3 d5 2. e3 Nf6 3. b3 c5 4. Bb2 e6 5. Bb5+ Bd7 6. Be2 Nc6 7. O-O Be7 ({RR} 7... Bd6 8. d4 O-O 9. Nbd2 Qe7 10. dxc5 Bxc5 11. c4 Ba3 12. Qc1 Bxb2 13. Qxb2 Rfd8 14. a3 e5 15. cxd5 Nxd5 16. Ne4 Bf5 17. Nfd2 Nf6 18. Bf3 Nxe4 19. Nxe4 Be6 20. b4 f5 21. Nc5 e4 22. Nxe6 {Artemiev,V (2731)-So,W (2760) Bucharest 2019 ½-½ (43)}) ({RR} 7... Bd6 8. c4 O-O 9. cxd5 Nxd5 10. Na3 a6 11. Nc4 Be7 12. Rc1 Rc8 13. d4 cxd4 14. Nxd4 Bf6 15. Bf3 Nxd4 16. Bxd4 Bc6 17. e4 Bxd4 18. Qxd4 Ne7 19. Qe3 Ng6 20. Rfd1 Qe7 21. Bh5 e5 22. g3 {Lazavik,D (2572)-Popov,K (2376) Moscow RUS 2025 1-0 (43)}) 8. d4 cxd4 9. exd4 $146 ({RR} 9. Nxd4 Nxd4 10. Bxd4 O-O 11. Nd2 a6 12. c4 Rc8 13. Rc1 Qa5 14. f4 Bb4 15. Rc2 Bxd2 16. Rxd2 Ne4 17. Rc2 dxc4 18. Bxc4 Qd8 19. Bd3 Nf6 20. Rf3 Rxc2 21. Bxc2 Bc6 22. Rh3 h6 23. g4 Qd5 {Pollok,J-Stritzel,R Pinneberg 1998 0-1}) 9... O-O 10. Nbd2 Qb6 11. a3 Rfd8 12. Bd3 Be8 13. Re1 Bf8 14. Rb1 g6 15. c4 Qc7 16. b4 dxc4 17. Bxc4 Bg7 18. Rc1 Qb6 19. Nb3 Nd5 20. Nc5 Nce7 21. Rb1 Rac8 22. Ng5 h6 23. Nf3 Nf5 24. Ne5 Nde3 25. fxe3 Bxe5 26. Qb3 Bg7 27. Nxe6 fxe6 28. Bxe6+ Kh7 29. Bxc8 Rxc8 30. d5 Bxb2 31. Rxb2 Qc7 32. Rf2 Qe5 33. e4 Rc3 34. Qb2 Bb5 35. Qd2 Nd6 36. Qf4 Qxf4 37. Rxf4 Rc4 38. Rf6 Nxe4 39. Rf7+ Kg8 40. Rxb7 a6 41. Re7 Nf6 42. Ra7 Nxd5 43. Rd1 Nf6 44. h3 Ne8 45. Re1 g5 46. Re6 Rc1+ 47. Kh2 Ra1 48. Rg6+ Kf8 49. Rxh6 Kg8 50. Rg6+ Kf8 51. Rxg5 Rxa3 52. Rxb5 1-0